000 00664nam a2200265Ia 4500
005 20260121170713.0
008 008 260114s9999 xx 000 0 eng d
020 _a9783319071244
037 _aEBOOK
040 _aCRL
040 _beng
040 _cCRL
041 _2eng
041 _aeng
084 _qCRL
100 _aRafael Martí, Panos M. Pardalos, Mauricio G. C. Resende
_91067138
245 0 _aHandbook of Heuristics
260 _bSpringer
260 _bSpringer
260 _c2018
856 _uhttps://link.springer.com/openurl?genre=book&isbn=978-3-319-07124-4
942 _cEBOOK
999 _c1632868
_d1632868